Ako stanoviť výšku platu?

Prieskum platov ako nevyhnutnosť pre objektívne poznanie trhu práce. Závislosť výšky platov od firemnej stratégie a podmienok trhu práce. Pôsobenie dynamiky trhu pracovných síl a platové rozdiely pri porovnateľných pracovných pozíciách. Využitie prieskumov platov. Variabilná zložka mzdy ako dôležitá...

ver descrição completa

Na minha lista:
Detalhes bibliográficos
Autor principal: Weidlich, Roman
Formato: Capítulo de Livro
Idioma:eslovaco
Assuntos:
Tags: Adicionar Tag
Sem tags, seja o primeiro a adicionar uma tag!

MARC

LEADER 00000naa a2200000 4500
001 r038961
005 20231002131205.5
041 0 |a slo 
044 |a SK 
245 1 0 |a Ako stanoviť výšku platu?  |c Roman Weidlich 
520 |a Prieskum platov ako nevyhnutnosť pre objektívne poznanie trhu práce. Závislosť výšky platov od firemnej stratégie a podmienok trhu práce. Pôsobenie dynamiky trhu pracovných síl a platové rozdiely pri porovnateľných pracovných pozíciách. Využitie prieskumov platov. Variabilná zložka mzdy ako dôležitá súčasť odmeňovania na Slovensku. 
610 2 0 |a platy 
610 2 0 |a trh práce 
610 2 0 |a prieskum sociologický 
610 2 0 |a mzdy 
610 2 0 |a Slovensko 
100 1 |a Weidlich, Roman